000 00811nam a2200241Ia 4500
001 15921
003 GE_BSU
008 181216s||||||||xx |||||||||||||| ||und||
040 _cGE_BSU
080 _a821.353.1-1
100 _aჯაყელი, ჯემალ
245 _aთუ იგრძნო წამი...
245 _b20ლექსი 200 ამონარიდი
245 _cშეადგინა ტასო ცხოიძემ.რედ. სანდრო ბერიძე
260 _aბათუმი
260 _bმესხეთი
260 _c1998
300 _a76 გვ. ;პორტრ. 16 სმ
541 _h6ლ.
653 _a20ლექსი 200 ამონარიდი
653 _aთუ იგრძნო წამი...
942 _cBK
999 _c49016
_d49016